Oftalmoplejía extrínseca total de origen ótico / (Record no. 146110)

MARC details
000 -LEADER
campo de control de longitud fija 00449nam a2200157 i 4500
001 - NÚMERO DE CONTROL
campo de control 146110
003 - IDENTIFICADOR DE NÚMERO DE CONTROL
campo de control ES-MaACL
005 - FECHA Y HORA DE LA ÚLTIMA TRANSACCIÓN
campo de control 20230906201422.0
007 - CAMPO FIJO DE DESCRIPCIÓN FÍSICA--INFORMACIÓN GENERAL
campo de control de longitud fija t|
008 - DATOS DE LONGITUD FIJA--INFORMACIÓN GENERAL
campo de control de longitud fija 070731s1931 sp ||||1| spa d
100 1# - ENTRADA PRINCIPAL--NOMBRE DE PERSONA
Nombre de persona Torres y Torres, Angel.
9 (RLIN) 111031
245 10 - MENCIÓN DEL TÍTULO
Título Oftalmoplejía extrínseca total de origen ótico /
Mención de responsabilidad, etc. Angel Torres y Torres.
260 ## - PUBLICACIÓN, DISTRIBUCIÓN, ETC.
Lugar de publicación, distribución, etc. Madrid :
Nombre del editor, distribuidor, etc. J. Cosano,
Fecha de publicación, distribución, etc. 1931.
300 ## - DESCRIPCIÓN FÍSICA
Extensión 8 p. ;
Dimensiones 23 cm.
852 ## - LOCALIZACIÓN
Ubicación ES-MaACL
Número de control de estantería 1774-F-12
Holdings
Estatus retirado Estado de pérdida Estado de daño No para préstamo Colección Biblioteca de origen Biblioteca actual Ubicación en estantería Fecha de adquisición Fuente de adquisición Total de préstamos Signatura topográfica completa Código de barras Visto por última vez Precio de reemplazo Tipo de ítem Koha
        Colección de folletos Biblioteca del Ateneo de Madrid Biblioteca del Ateneo de Madrid Depósito folletos 17/01/2008     1774-F-12 1152504 23/02/2023 23/02/2023 Folleto